[Event "IND-ch U19"]
[Site "Kankarbagh"]
[Date "2017.09.10"]
[Round "10"]
[White "Warude, Satyam"]
[Black "Dhananjay, S."]
[Result "0-1"]
[WhiteElo "1842"]
[BlackElo "2220"]
[PlyCount "80"]
[EventDate "2017.09.03"]
[EventType "swiss"]
[EventRounds "11"]
[EventCountry "IND"]
[SourceTitle "CBM 180 Extra"]
[Source "ChessBase"]
[SourceDate "2017.10.06"]
[SourceVersion "1"]
[SourceVersionDate "2017.10.06"]
[SourceQuality "1"]

1. d4 Nf6 2. Bf4 g6 3. Nf3 Bg7 4. Nbd2 0-0 5. e3 d6 6. h3 Nbd7 7. Be2 b6 8. a4 a6 9. 0-0 Bb7 10. c3 Qe8 11. Bh2 e5 12. a5 b5 13. c4 b4 14. d5 c6 15. dxc6 Bxc6 16. Nb3 Ne4 17. Nfd2 Nec5 18. Nxc5 Nxc5 19. b3 f5 20. Qc2 Qe7 21. Rfd1 Rad8 22. Ra2 Kh8 23. Bf3 e4 24. Be2 g5 25. Nb1 f4 26. Qd2 Be5 27. Qxb4 Rb8 28. Qe1 Rxb3 29. Bf1 Rfb8 30. Rc2 Nd3 31. Bxd3 exd3 32. Rcd2 Qb7 33. exf4 gxf4 34. c5 Rxb1 35. cxd6 Qg7 36. f3 Rxd1 37. Qxd1 Bxd6 38. Rxd3 Rb2 39. Rd2 Rxd2 40. Qxd2 Qa1+ 0-1

[Event "IND-ch U19 44th"]
[Site "Mumbai"]
[Date "2014.07.10"]
[Round "1"]
[White "Warude, Satyam"]
[Black "Kumaran, Bajali"]
[Result "0-1"]
[WhiteElo "1736"]
[BlackElo "2283"]
[PlyCount "112"]
[EventDate "2014.07.10"]
[EventType "swiss"]
[EventRounds "11"]
[EventCountry "IND"]
[SourceTitle "EXT 2016"]
[Source "ChessBase"]
[SourceDate "2015.10.08"]
[SourceVersion "1"]
[SourceVersionDate "2015.10.08"]
[SourceQuality "1"]

1. d4 Nf6 2. Nf3 e6 3. Nbd2 c5 4. e3 Nc6 5. c3 d5 6. Bd3 Bd6 7. 0-0 0-0 8. dxc5 Bxc5 9. e4 b6 10. Qe2 Bb7 11. Kh1 Re8 12. Bc2 a5 13. Bd3 Qc7 14. e5 Nd7 15. Re1 f6 16. exf6 Nxf6 17. Ng5 e5 18. Bf5 g6 19. Be6+ Kh8 20. Qf3 Rf8 21. Nb3 e4 22. Qh3 Bd6 23. Be3 Ne5 24. Nd4 Ba6 25. Bxd5 Nxd5 26. Nde6 Qd7 27. Nxf8 Qxh3 28. gxh3 Nxe3 29. Rxe3 Rxf8 30. Nxe4 Bb7 31. Kg1 Be7 32. Rd1 Bh4 33. b3 Nf3+ 34. Kf1 Nxh2+ 35. Kg1 Nf3+ 36. Kf1 Ng5 37. Nxg5 Bxg5 38. Re6 Bc8 39. Rxb6 Be3 40. Rc6 Bxh3+ 41. Ke2 Bg4+ 42. Kxe3 Bxd1 43. Rc5 Rf5 44. Rxf5 gxf5 45. Kf4 Bc2 46. b4 axb4 47. cxb4 Kg7 48. b5 Kf6 49. b6 Be4 50. a4 Bb7 51. a5 Bc8 52. f3 Bb7 53. Ke3 Ke5 54. f4+ Kd5 55. Kd3 Ba6+ 56. Kc3 h5 0-1